Fundamentals of Database Systems (Record no. 1906)

MARC details
000 -LEADER
Fixed length control field 00450nam a2200181 4500
003 - CONTROL NUMBER IDENTIFIER
Control field SEACOMEC
005 - DATE AND TIME OF LATEST TRANSACTION
Control field 20241223131146.0
008 - FIXED-LENGTH DATA ELEMENTS--GENERAL INFORMATION
Fixed length control field 241223b |||||||| |||| 00| 0 eng d
020 ## - INTERNATIONAL STANDARD BOOK NUMBER / ISBN
International Standard Book Number 978-0321122261
Price 350.00
040 ## - CATALOGING SOURCE
Original cataloging agency SEACOMEC
082 ## - DEWEY DECIMAL CLASSIFICATION NUMBER
Classification number 005.74
Book Number E841
100 ## - MAIN ENTRY--PERSONAL NAME
Personal name Elmasri, Ramez
245 ## - TITLE STATEMENT
Title Fundamentals of Database Systems
Statement of responsibility /Ramez Elmasri
250 ## - EDITION STATEMENT
Edition statement 4th ed
260 ## - IMPRINT
Place of publication Delhi
Name of publisher Pearson
Date of publication 2008
300 ## - PHYSICAL DESCRIPTION
Page / Vol. No 1030 p
942 ## - ADDED ENTRY ELEMENTS (KOHA)
Koha item type Books
Holdings
Withdrawn status Lost status Source of classification Damaged status Not for loan Home library Current library Date acquired Total Checkouts Call number Accession number Date last seen Price effective from Koha item type Copy number
    Dewey Decimal Classification     SEACOM ENGINEERING COLLEGE SEACOM ENGINEERING COLLEGE 02/05/2008   005.74 E841 11372 23/12/2024 23/12/2024 Books  
    Dewey Decimal Classification     SEACOM ENGINEERING COLLEGE SEACOM ENGINEERING COLLEGE 02/05/2008   005.74 E841 11373 23/12/2024 23/12/2024 Books 1
    Dewey Decimal Classification     SEACOM ENGINEERING COLLEGE SEACOM ENGINEERING COLLEGE 02/05/2008   005.74 E841 11374 23/12/2024 23/12/2024 Books 2
    Dewey Decimal Classification     SEACOM ENGINEERING COLLEGE SEACOM ENGINEERING COLLEGE 02/05/2008   005.74 E841 11375 23/12/2024 23/12/2024 Books 3
    Dewey Decimal Classification     SEACOM ENGINEERING COLLEGE SEACOM ENGINEERING COLLEGE 02/05/2008   005.74 E841 11376 23/12/2024 23/12/2024 Books 4
    Dewey Decimal Classification     SEACOM ENGINEERING COLLEGE SEACOM ENGINEERING COLLEGE 02/05/2008   005.74 E841 11377 23/12/2024 23/12/2024 Books 5
    Dewey Decimal Classification     SEACOM ENGINEERING COLLEGE SEACOM ENGINEERING COLLEGE 02/05/2008   005.74 E841 11378 23/12/2024 23/12/2024 Books 6
    Dewey Decimal Classification     SEACOM ENGINEERING COLLEGE SEACOM ENGINEERING COLLEGE 02/05/2008   005.74 E841 11379 23/12/2024 23/12/2024 Books 7
    Dewey Decimal Classification     SEACOM ENGINEERING COLLEGE SEACOM ENGINEERING COLLEGE 02/05/2008   005.74 E841 11380 23/12/2024 23/12/2024 Books 8
    Dewey Decimal Classification     SEACOM ENGINEERING COLLEGE SEACOM ENGINEERING COLLEGE 02/05/2008   005.74 E841 11381 23/12/2024 23/12/2024 Books 9
© Seacom Engineering College, All rights reserved.      Powered by Koha